000 00618nam a22002052 4500
001 0000009852
005 20151217155844.0
008 081204s xx 000 0 eng d
040 _aKABU
_cKABU
100 1 _aLLoyd, Albert B.
_@0000161332
245 1 0 _aUganda to Khartoum /
_cAlbert B. Lloyd.
250 _a1st ed.
260 _aLondon :
_bCollins,
_c[n. d.]
300 _a350 p.
651 0 _aUganda
_xDescription and travel.
_@0000161347
651 0 _aAfrica, East
_xDescription and travel.
_@0000148698
852 1 _9p100 KES
908 _a081204
950 _@1
999 _c13313
_d13313